BRIDGE AND HIGHWAYSTRUSTURE REHABILITATION / (Record no. 588665)
[ view plain ]
| 000 -LEADER | |
|---|---|
| fixed length control field | 00348nam a22001337a 4500 |
| 040 ## - CATALOGING SOURCE | |
| Transcribing agency | FIZZA ISHAQ |
| 082 ## - DEWEY DECIMAL CLASSIFICATION NUMBER | |
| Classification number | 624.202 |
| Author Mark | MOH |
| 100 ## - MAIN ENTRY--PERSONAL NAME | |
| Personal name | KHAN, A. MOHIUDDIN. |
| 9 (RLIN) | 90452 |
| 245 ## - TITLE STATEMENT | |
| Title | BRIDGE AND HIGHWAYSTRUSTURE REHABILITATION / |
| Statement of responsibility, etc. | MOHIUDDIN A. KHAN. |
| 250 ## - EDITION STATEMENT | |
| Edition statement | 1st ED. |
| 260 ## - PUBLICATION, DISTRIBUTION, ETC. | |
| Name of publisher, distributor, etc. | MC GRAW HILL, |
| Date of publication, distribution, etc. | 2010. |
| 300 ## - PHYSICAL DESCRIPTION | |
| Extent | 656 P. ; |
| 942 ## - ADDED ENTRY ELEMENTS (KOHA) | |
| Source of classification or shelving scheme | |
| Koha item type | Book |
| Withdrawn status | Lost status | Source of classification or shelving scheme | Damaged status | Not for loan | Permanent Location | Current Location | Date acquired | Total Checkouts | Full call number | Barcode | Date last seen | Price effective from | Koha item type |
|---|---|---|---|---|---|---|---|---|---|---|---|---|---|
| NUST Baluchistan Campus (NBC) | NUST Baluchistan Campus (NBC) | 03/08/2022 | 624.202 MOH | Q-2918 | 03/08/2022 | 03/08/2022 | Book |
